Emission lines in active galactic nuclei (Record no. 9845)

MARC details
000 -LEADER
fixed length control field 00656nam a2200193Ia 4500
003 - CONTROL NUMBER IDENTIFIER
control field IN-BaIIA
008 - FIXED-LENGTH DATA ELEMENTS--GENERAL INFORMATION
fixed length control field 211028s9999 xx 000 0 eng d
040 ## - CATALOGING SOURCE
Transcribing agency IIA Library
080 ## - UNIVERSAL DECIMAL CLASSIFICATION NUMBER
Universal Decimal Classification number 524.64(082.2)
Item number EMI
245 #0 - TITLE STATEMENT
Title Emission lines in active galactic nuclei
Statement of responsibility, etc. edited by P. M. Gondhalekar
260 ## - PUBLICATION, DISTRIBUTION, ETC.
Place of publication, distribution, etc. Chilton
Name of publisher, distributor, etc. Rutherford Appleton Laboratory
Date of publication, distribution, etc. 1987
300 ## - PHYSICAL DESCRIPTION
Extent vii, 233p.
490 ## - SERIES STATEMENT
Series statement Rutherford Appleton Laboratory 87-109
650 ## - SUBJECT ADDED ENTRY--TOPICAL TERM
Topical term or geographic name entry element Active galactic nuclei
9 (RLIN) 6209
650 ## - SUBJECT ADDED ENTRY--TOPICAL TERM
Topical term or geographic name entry element Astronomy and astrophysics thesaurus
650 ## - SUBJECT ADDED ENTRY--TOPICAL TERM
Topical term or geographic name entry element Emission lines
9 (RLIN) 13083
700 ## - ADDED ENTRY--PERSONAL NAME
Personal name Gondhalekar, P. M., ed.
9 (RLIN) 14671
942 ## - ADDED ENTRY ELEMENTS (KOHA)
Koha item type Books
Holdings
Withdrawn status Lost status Damaged status Not for loan Home library Current library Shelving location Date acquired Total Checkouts Full call number Barcode Date last seen Price effective from Koha item type
        IIA Library-Bangalore IIA Library-Bangalore General Stacks     524.64(082.2)/ EMI 10755 05/11/2021   Books

Powered by Koha